[Event "Bad Woerishofen op 24th"]
[Site "Bad Woerishofen"]
[Date "2008.03.02"]
[Round "4"]
[White "Stuemer, Paul"]
[Black "Glas, Stefan"]
[Result "1-0"]
[WhiteElo "2160"]
[BlackElo "2010"]
[PlyCount "45"]
[EventDate "2008.02.28"]
[EventType "swiss"]
[EventRounds "9"]
[EventCountry "GER"]
[SourceTitle "CBM 123 Extra"]
[Source "ChessBase"]
[SourceDate "2008.05.06"]
[SourceVersion "1"]
[SourceVersionDate "2008.05.06"]
[SourceQuality "1"]

1. e4 c5 2. Nf3 Nc6 3. d3 g6 4. g3 Bg7 5. Bg2 d6 6. c3 e6 7. 0-0 Nge7 8. Be3 0-0 9. Qd2 Rb8 10. Na3 b5 11. d4 b4 12. cxb4 cxb4 13. Nc4 d5 14. exd5 Nxd5 15. Bh6 Qe7 16. Rfe1 Bb7 17. Bxg7 Kxg7 18. Ng5 Rfd8 19. Re4 Nf6 20. Rh4 h5 21. Re1 Qd7 22. Nxf7 Nxd4 23. Qh6+ 1-0

[Event "Bad Woerishofen op 19th"]
[Site "Bad Woerishofen"]
[Date "2003.03.18"]
[Round "6"]
[White "Feicht, Roland"]
[Black "Glas, Stefan"]
[Result "1/2-1/2"]
[WhiteElo "1516"]
[BlackElo "2096"]
[PlyCount "68"]
[EventDate "2003.03.13"]
[EventType "swiss"]
[EventRounds "9"]
[EventCountry "GER"]
[SourceTitle "CBM 093 Extra"]
[Source "ChessBase"]
[SourceDate "2003.05.09"]
[SourceVersion "1"]
[SourceVersionDate "2003.05.09"]
[SourceQuality "1"]

1. e4 c5 2. Nf3 e6 3. Nc3 Nc6 4. Bc4 a6 5. a4 Qc7 6. Ba2 Nf6 7. d3 Be7 8. 0-0 0-0 9. Re1 d6 10. Bg5 b6 11. Rc1 Bb7 12. h3 Rfe8 13. Bf4 Nd7 14. g4 Rac8 15. Bg3 Nde5 16. Nd2 Ng6 17. Ne2 Qd8 18. f4 Bh4 19. Rf1 Bxg3 20. Nxg3 Nb4 21. Bb3 b5 22. Qe2 d5 23. c3 Nc6 24. axb5 axb5 25. Qf2 c4 26. dxc4 dxc4 27. Bc2 e5 28. Nh5 exf4 29. Nxf4 Nce5 30. Nxg6 hxg6 31. Rcd1 Qe7 32. Nf3 f6 33. Nxe5 Qxe5 34. Rd4 g5 1/2-1/2

[Event "Bad Woerishofen op 17th"]
[Site "Bad Woerishofen"]
[Date "2001.??.??"]
[Round "7"]
[White "Glas, Stefan"]
[Black "Fabian, Laszlo"]
[Result "1-0"]
[WhiteElo "2119"]
[BlackElo "1800"]
[PlyCount "87"]
[EventDate "2001.03.15"]
[EventType "swiss"]
[EventRounds "9"]
[EventCountry "GER"]
[SourceTitle "CBM 081 Extra"]
[Source "ChessBase"]
[SourceDate "2001.05.06"]
[SourceVersion "1"]
[SourceVersionDate "2001.05.06"]
[SourceQuality "1"]

1. e4 e5 2. Nf3 Nc6 3. d4 exd4 4. Nxd4 Bc5 5. Be3 Bb6 6. Nc3 d6 7. Bc4 Ne5 8. Be2 c6 9. 0-0 Nf6 10. h3 h6 11. Qd2 Ba5 12. f3 a6 13. Rad1 Bc7 14. f4 Ng6 15. Qe1 Qe7 16. Bf3 Bd7 17. Qf2 0-0-0 18. Nf5 Qf8 19. Na4 Bxf5 20. exf5 Ne7 21. Bb6 Ned5 22. Bxc7 Kxc7 23. c4 Ne7 24. Qb6+ Kb8 25. Rfe1 Nc8 26. Qb4 Ka7 27. Re3 Rd7 28. Bxc6 Qd8 29. Bxd7 Qxd7 30. c5 Qc6 31. cxd6 Rd8 32. Qd4+ Ka8 33. Qb4 Nd5 34. Rxd5 Qxd5 35. Rc3 Qd1+ 36. Kh2 Kb8 37. Nc5 Qd5 38. Nxa6+ Ka7 39. Nc7 Qxa2 40. Ra3+ Qxa3 41. Qxa3+ Kb6 42. Qb4+ Kc6 43. Qb5+ Kxd6 44. Qxb7 1-0

[Event "Bad Woerishofen op 16th"]
[Site "Bad Woerishofen"]
[Date "2000.03.18"]
[Round "2"]
[White "Schweitzer, Paul"]
[Black "Glas, Stefan"]
[Result "0-1"]
[WhiteElo "1690"]
[BlackElo "1945"]
[PlyCount "88"]
[EventDate "2000.03.??"]
[EventType "swiss"]
[EventRounds "9"]
[EventCountry "GER"]
[SourceTitle "CBM 075 Extra"]
[Source "ChessBase"]
[SourceDate "2000.05.11"]
[SourceVersion "2"]
[SourceVersionDate "2000.05.11"]
[SourceQuality "1"]

1. Nf3 d5 2. c3 Nf6 3. d4 Bf5 4. Nbd2 e6 5. e3 Bd6 6. Nh4 Bg6 7. Be2 Nbd7 8. Ndf3 Bh5 9. g3 0-0 10. Qc2 c5 11. Qa4 Ne4 12. Ng2 f5 13. Nf4 Bf7 14. dxc5 Ndxc5 15. Qd1 a5 16. h4 a4 17. Bd2 e5 18. Nh3 h6 19. Rb1 Bh5 20. Qc2 Bg4 21. Nfg1 Qd7 22. Bf3 Qb5 23. c4 dxc4 24. Bxe4 fxe4 25. Bc3 Nd3+ 26. Kf1 Rf6 27. Rd1 Raf8 28. Rd2 Qd7 29. b3 axb3 30. axb3 b5 31. bxc4 bxc4 32. Rh2 Qa7 33. Nf4 exf4 34. Bxf6 fxg3 35. Qxc4+ Kh8 36. Rg2 Rxf6 37. Ra2 Qxe3 38. Qc3 Kh7 39. Qd2 Qb6 40. f3 Qb1+ 41. Ke2 Nf4+ 42. Qxf4 Bxf4 43. Ra7 exf3+ 44. Nxf3 Re6# 0-1